| 000 | 00714nam a22002057a 4500 | ||
|---|---|---|---|
| 999 |
_c570 _d570 |
||
| 001 | 20492 | ||
| 003 | BD-DhUAP | ||
| 005 | 20210118094757.0 | ||
| 008 | 200123b2017 a|||| |||| 001 0 eng d | ||
| 020 | _a9789849266044 | ||
| 040 |
_aBD-DhUAP _bBng _cBD-DhUAP _dBD-DhUAP |
||
| 082 |
_223 _a005.262 MAH |
||
| 100 | _aমাহবুব, ঝংকার। | ||
| 245 |
_aপ্রোগ্রামিংয়ের বলদ টু বস / _cঝংকার মাহবুব। |
||
| 260 |
_aঢাকা : _bআদর্শ, _cc ২০১৭। |
||
| 300 |
_a১২৭ পৃষ্ঠা : _bচিত্র ; _c২২ সেমি.। |
||
| 650 | _aProgramming language | ||
| 650 | _aProgrammer. | ||
| 942 |
_2ddc _cBK |
||